Who Wrote That? #15 - Statistics

General Stats
  • This quiz has been taken 45 times
  • The average score is 2 of 10
Answer Stats
Hint Explanation Answer % Correct
“I wish, as well as everybody else, to be perfectly happy; but, like everybody else, it must be in my own way.” Sense and Sensibility Jane Austen
63%
“I can’t stand it to think my life is going so fast and I’m not really living it.” The Sun Also Rises Ernest Hemingway
42%
“It doesn’t matter who you are or what you look like, so long as somebody loves you.” The Witches Roald Dahl
42%
“How easy it was to lie to strangers, to create with strangers the versions of our lives we imagined.” Americanah Chimamanda Ngozi Adichie
26%
“Love is holy because it is like grace – the worthiness of its object is never really what matters.” Gilead Marilynne Robinson
21%
“Brave doesn’t mean you’re not scared. It means you go on even though you’re scared.” The Hate U Give Angie Thomas
16%
“There is only one page left to write on. I will fill it with words of only one syllable. I love. I have loved. I will love.” I Capture the Castle Dodie Smith
11%
“Each time you happen to me all over again.” The Age of Innocence Edith Wharton
11%
“So many things are possible just as long as you don’t know they’re impossible.” The Phantom Tollbooth Norton Juster
5%
“The same substance composes us — the tree overhead, the stone beneath us, the bird, the beast, the star — we are all one, all moving to the same end.” Mary Poppins P. L. Travers
5%
No matching quizzes found
Score Distribution
Percent of People with Each Score
Percentile by Number Answered
Your Score History
You have not taken this quiz